Autour de la trompette - Statistiques

Statistiques générales
  • Ce quiz a été pris 49 fois
  • Le résultat moyen est 3 sur 12
Statistiques - réponses
Hint Réponse % Correct
De quelle famille fait partie la trompette ? cuivres
80%
D'origine libanaise, ce trompettiste hors-pair a rempli l'Accor Arena en avril 2022 Ibrahim Maalouf
68%
Satchmo,trompettiste à la voix d'or, popularisa le jazz et un monde merveilleux Louis Armstrong
57%
Français décédé en 2012, il fut longtemps considéré comme le meilleur trompettiste mondial Maurice André
45%
Compositeur des trompettes d'Aïda Verdi
39%
Dans l'Ancien Testament, les trompettes permettent d'abattre les murailles de cette ville Jéricho
36%
Pays qui accueille l'Assemblée des trompettes de Dragacevo, à Guča, plus grand festival de trompette au monde Serbie
11%
Chat de gouttière adepte de la trompette dans les Aristochats Scat cat
7%
"Honte à la trompette" chantait ce groupe. Mais lequel ? Chanson Plus Bifluorée
0%
L'homme à la trompette d'or Georges Jouvin
0%
"Le roi de la trompette" a sévi avec les Nuls Vincent Malone
0%
1er jazzman à recevoir le prix Pulitzer de musique Wynton Marsalis
0%
Aucun quiz correspondant
Distribution des résultats
% des personnes avec chaque résultat
Percentile par nombre de réponses
Votre historique - résultats
Vous n’avez pas pris ce quiz